|
|
|
|
| LEADER |
01124nam a2200265 a 4500 |
| 001 |
12281037 |
| 008 |
101030s2002 njua b 001 0 eng d |
| 010 |
|
|
|a 2001018520
|
| 020 |
|
|
|a 0130914088
|
| 040 |
|
|
|a DLC
|c DLC
|d DLC
|d BD-DhAAL
|
| 082 |
0 |
0 |
|a 658.4/0071/173
|2 21
|
| 100 |
1 |
|
|a Whetten, David A.
|q (David Allred),
|d 1946-
|
| 245 |
1 |
0 |
|a Developing management skills /
|c David A. Whetten, Kim S. Cameron.
|
| 250 |
|
|
|a 5th ed.
|
| 260 |
|
|
|a Upper Saddle River, NJ :
|b Prentice Hall,
|c c2002.
|
| 300 |
|
|
|a xviii, 654 p. :
|b ill ;
|c 26 cm.
|
| 500 |
|
|
|a Various multi-media instructional materials, including a Web site, are available to supplement the text.
|
| 504 |
|
|
|a Includes bibliographical references (p. 619-636) and indexes.
|
| 541 |
1 |
|
|e 00010205
|
| 650 |
|
0 |
|a Management
|x Study and teaching.
|
| 650 |
|
0 |
|a Management
|v Problems, exercises, etc.
|
| 700 |
1 |
|
|a Cameron, Kim S.
|
| 852 |
4 |
|
|a Ayesha Abed Library
|j General Shelf.
|
| 999 |
|
|
|c 9922
|d 9922
|
| 952 |
|
|
|0 0
|1 0
|2 ddc
|4 0
|6 658_400711730000000_WHE_2002
|7 0
|9 12839
|a BRACUL
|b BRACUL
|c GEN
|d 2010-10-30
|l 1
|o 658.40071173 WHE
|p 3010010205
|r 2011-09-26
|s 2011-09-26
|t 1
|w 2010-10-30
|y BK
|